01445 a2200193 45000010006000000050017000060080041000230030015000640400040000790800061001192450060001802500012002402640045002523000032002975050875003290410008012041000021012127000018012334193320260407155710.0260407a1971 arg spa dAR-UNSa-BCEJYS aAR-UNSa-BCEJYSbspacAR-UNSa-BCEJYS a16xLógica. Epistemología. Teoría del conocimiento10aIntroducción a la lógica y al método científico a2a. ed. 1aBuenos Aires :bAmorrortu Editoresc1971 a2 v. (268 ; 284 p.)c20 cm. aVol. I: Lógica formal: 1. El objeto de estudio de la lógica - 2. El análisis de las proposiciones - 3. Las relaciones entre las proposiciones - 4. El silogismo categórico - 5. Silogismos hipotéticos, alternativos y disyuntivos - 6. Lógica generalizada o matemática - 7. La naturaleza de un sistema lógico o matemático - 8. La inferencia probable - 9. Algunos problemas lógicos -- Vol. II: Lógica aplicada y método científico: 10. La lógica aplicada y el método de la ciencia - 11. Las hipótesis y el método científico - 12. Clasificación y definición - 13. Los métodos de la investigación experimental - 14. Probabilidad e inducción - 15. La mediación - 16. Métodos estadísticos - 17. La inferencia probable en la historia y campos afines - 18. La lógica y la evaluación crítica - 19. Falacias - 20. Conclusión aspa1 aCohen, Morris R.1 aNagel, Ernest